000 00621nam a2200265Ia 4500
005 20260121165501.0
008 008 260114s9999 xx 000 0 eng d
020 _a9783319442495
037 _aEBOOK
040 _aCRL
040 _beng
040 _cCRL
041 _2eng
041 _aeng
084 _qCRL
100 _aJuliana Marchi
_91052273
245 0 _aBiocompatible Glasses
260 _bSpringer
260 _bSpringer
260 _c2016
856 _uhttps://link.springer.com/openurl?genre=book&isbn=978-3-319-44249-5
942 _cEBOOK
999 _c1617998
_d1617998